| 000 | 00503cam a2200193ua 4500 | ||
|---|---|---|---|
| 001 | 2123 | ||
| 008 | 110803n ii |||gr||||Z||||||eng | ||
| 020 | _a81-207-1840-2 | ||
| 040 | _cMAIN | ||
| 082 | _a150 | ||
| 100 |
_aMangal, S. K., _eAuthor. |
||
| 245 | 1 |
_aIntroduction to psychology _cby S. K. Mangal |
|
| 250 | _a1st. | ||
| 260 |
_aNew Delhi: _bSterling publishers pvt. ltd.,988. |
||
| 300 |
_aix; 221p: _bill; _c23cm. |
||
| 653 | _aEducation | ||
| 653 | _aIntroduction to psychology | ||
| 942 | _cBK | ||
| 999 |
_c1991 _d1991 |
||